[Event "Top Jeunes"]
[Site "Mulhouse"]
[Date "2010.12.19"]
[Round "6.2"]
[White "Figiel, Alexis"]
[Black "Leriche, Luc"]
[Result "1-0"]
[WhiteElo "1737"]
[BlackElo "1968"]
[PlyCount "57"]
[EventDate "19.??.??"]
[WhiteTeam "Potemkine"]
[BlackTeam "Niort"]

1. e4 c5 2. Nc3 d6 3. g3 g6 4. Bg2 Bg7 5. Nge2 Nc6 6. d3 Rb8 7. Be3 b5 8. Qc1
Nd4 9. O-O b4 10. Bxd4 cxd4 11. Nb1 Bg4 12. f3 Bd7 13. Nd2 h5 14. h3 e6 15. Qe1
Qc7 16. Rc1 Ne7 17. Qf2 Nc6 18. f4 Rb5 19. g4 hxg4 20. hxg4 Ra5 21. Ng3 Rxa2
22. f5 Bh6 23. Nc4 gxf5 24. exf5 d5 25. fxe6 Bxe6 26. Qf6 Rh7 27. Nf5 dxc4 28.
Bxc6+ Qxc6 29. Qe7# 1-0

[Event "Top Jeunes"]
[Site "Mulhouse"]
[Date "2010.12.19"]
[Round "6.3"]
[White "Habiballah, Anass"]
[Black "Lutard, Florian"]
[Result "0-1"]
[WhiteElo "1520"]
[BlackElo "1712"]
[PlyCount "98"]
[EventDate "19.??.??"]
[WhiteTeam "Niort"]
[BlackTeam "Potemkine"]

1. e4 c5 2. Nc3 e6 3. d3 Nc6 4. g3 Nf6 5. Bg2 Be7 6. f4 d5 7. e5 Nd7 8. Nf3 a6
9. O-O Qb6 10. Ne2 O-O 11. c3 Qd8 12. h3 b5 13. b3 c4 14. bxc4 bxc4 15. d4 Qa5
16. g4 Nb6 17. Qc2 g6 18. Ng3 Na4 19. Bd2 Rb8 20. Rab1 Rxb1 21. Rxb1 Na7 22.
Ne2 Nb5 23. Rc1 Na3 24. Qd1 Nb2 25. Qf1 Nd3 26. Rd1 Bd7 27. h4 Ba4 28. Ra1 Rb8
29. h5 Rb2 30. h6 Nc2 31. Rd1 Rxa2 32. Ng5 Na3 33. Ra1 Rxd2 34. Nf3 Rc2 35. Bh3
Rxe2 36. Qxe2 Nxf4 37. Qh2 Nxh3+ 38. Qxh3 Qxc3 39. Rf1 Qe3+ 40. Kh1 Bc2 41. Re1
Qf2 42. Rf1 Qe3 43. Re1 Qc3 44. Qg2 Be4 45. Rf1 Nc2 46. Qf2 Bxf3+ 47. Qxf3
Qxf3+ 48. Rxf3 Nxd4 49. Rf4 c3 0-1

[Event "Top Jeunes"]
[Site "Mulhouse"]
[Date "2010.12.19"]
[Round "6.4"]
[White "Baldi, Valentine"]
[Black "Chauvet, Etienne"]
[Result "1-0"]
[WhiteElo "1624"]
[BlackElo "1520"]
[PlyCount "53"]
[EventDate "19.??.??"]
[WhiteTeam "Potemkine"]
[BlackTeam "Niort"]

1. d4 d5 2. c4 e6 3. Nc3 c6 4. e4 dxe4 5. Nxe4 Nf6 6. Nxf6+ Qxf6 7. Nf3 Bb4+ 8.
Bd2 Bxd2+ 9. Qxd2 O-O 10. Bd3 Nd7 11. O-O Rd8 12. Qe3 Nf8 13. Rad1 Ng6 14. Bxg6
hxg6 15. Ne5 Bd7 16. Rfe1 Be8 17. Qg3 Rac8 18. Re3 Qe7 19. Qh3 f6 20. Nf3 c5
21. Rxe6 Qf7 22. Ree1 Qxc4 23. dxc5 Qxc5 24. Rxd8 Rxd8 25. Qe6+ Bf7 26. Qe4 Qb4
27. Qxb4 1-0

[Event "Top Jeunes"]
[Site "Mulhouse"]
[Date "2010.12.19"]
[Round "6.5"]
[White "Barbotte, Leo"]
[Black "Lutard, Theo"]
[Result "0-1"]
[WhiteElo "1510"]
[BlackElo "1630"]
[PlyCount "68"]
[EventDate "19.??.??"]
[WhiteTeam "Niort"]
[BlackTeam "Potemkine"]

1. e4 e5 2. Nc3 Nf6 3. g3 Bc5 4. Bg2 O-O 5. Nge2 Nc6 6. O-O d6 7. d3 Be6 8. h3
Qd7 9. Kh2 d5 10. exd5 Nxd5 11. Na4 Be7 12. f4 exf4 13. Nxf4 Rab8 14. Nxe6 Qxe6
15. Bd2 Nd4 16. Nc3 Nf6 17. Rf4 c5 18. Ne4 Rfd8 19. Nxf6+ Bxf6 20. Re4 Qb6 21.
Rb1 Re8 22. Rxe8+ Rxe8 23. Bc3 Qc7 24. Qg4 Re3 25. Qf4 Qxf4 26. gxf4 Re2 27.
Kg1 b6 28. Kf1 Rxc2 29. Re1 Kf8 30. a3 Bh4 31. Bxd4 Bxe1 32. Kxe1 cxd4 33. Kf1
Rxb2 34. a4 Ra2 0-1

[Event "Top Jeunes"]
[Site "Mulhouse"]
[Date "2010.12.19"]
[Round "6.6"]
[White "Commercon, Joachim"]
[Black "Barbotte, Pierre"]
[Result "1-0"]
[WhiteElo "1615"]
[BlackElo "1470"]
[PlyCount "71"]
[EventDate "19.??.??"]
[WhiteTeam "Potemkine"]
[BlackTeam "Niort"]

1. e4 d6 2. d4 Nf6 3. Bd3 g6 4. f4 Bg7 5. Nf3 O-O 6. O-O c6 7. c3 Qc7 8. Kh1
Nbd7 9. Rg1 Ng4 10. Qe1 f5 11. exf5 gxf5 12. h3 Nh6 13. Ng5 Nb6 14. Nd2 e5 15.
fxe5 dxe5 16. dxe5 Bxe5 17. Nc4 Nxc4 18. Bxc4+ Nf7 19. Nxf7 Rxf7 20. Bxf7+ Kxf7
21. Qh4 Ke6 22. Qh6+ Kd5 23. Rd1+ Kc5 24. Be3+ Kb5 25. a4+ Ka6 26. b4 b6 27.
b5+ Kb7 28. Bd4 Bd6 29. c4 c5 30. Be3 f4 31. Rxd6 fxe3 32. Qf6 e2 33. Qf3+ Kb8
34. Rc6 Qg7 35. Rxc8+ Kxc8 36. Qxa8+ 1-0

[Event "Top Jeunes"]
[Site "Mulhouse"]
[Date "2010.12.19"]
[Round "6.7"]
[White "Gaubert, Cedric"]
[Black "Ea, Thibault"]
[Result "0-1"]
[WhiteElo "1009"]
[BlackElo "1528"]
[PlyCount "54"]
[EventDate "19.??.??"]
[WhiteTeam "Niort"]
[BlackTeam "Potemkine"]

1. d4 d5 2. e3 e6 3. Bd3 c5 4. c3 Nc6 5. f4 Qb6 6. Nf3 Nf6 7. O-O Bd6 8. b3 O-O
9. Ba3 Bd7 10. dxc5 Bxc5 11. Bxc5 Qxc5 12. Nbd2 Qxe3+ 13. Rf2 Qxd3 14. Ne5 Nxe5
15. fxe5 Ne4 16. Nxe4 Qxe4 17. Rf3 Qxe5 18. Rc1 Rac8 19. Qd2 Rc7 20. Re3 Qd6
21. Qd3 Qb6 22. Rce1 Rfc8 23. Rc1 Bb5 24. Qd1 Qxe3+ 25. Kh1 Rxc3 26. Rxc3 Rxc3
27. Qg4 Qe1# 0-1

[Event "Top Jeunes"]
[Site "Mulhouse"]
[Date "2010.12.19"]
[Round "6.8"]
[White "Habiballah, Linda"]
[Black "Alary, Antoine"]
[Result "0-1"]
[WhiteElo "1120"]
[BlackElo "1220"]
[PlyCount "38"]
[EventDate "19.??.??"]
[WhiteTeam "Niort"]
[BlackTeam "Potemkine"]

1. e4 e5 2. Nc3 Nf6 3. g3 d5 4. Bg2 Bc5 5. d3 Be6 6. Nf3 Nc6 7. O-O O-O 8. Na4
Bb6 9. Nxb6 axb6 10. Be3 dxe4 11. dxe4 Qxd1 12. Raxd1 Rxa2 13. h3 Rxb2 14. c3
Nxe4 15. Rd3 Bc4 16. Rd7 Bxf1 17. Bxf1 Nxc3 18. Rxc7 e4 19. Ng5 Rb1 0-1

[Event "Top Jeunes"]
[Site "Mulhouse"]
[Date "2010.12.19"]
[Round "6.9"]
[White "Alary, Antoine"]
[Black "Gaubert, Cedric"]
[Result "1-0"]
[WhiteElo "1220"]
[BlackElo "1009"]
[PlyCount "49"]
[EventDate "19.??.??"]
[WhiteTeam "Potemkine"]
[BlackTeam "Niort"]

1. e4 d5 2. exd5 Qxd5 3. Nc3 Qa5 4. d4 Nf6 5. Nf3 Bf5 6. Bd2 e6 7. Bc4 c6 8.
O-O Bd6 9. Ne4 Qc7 10. Nxd6+ Qxd6 11. Re1 h6 12. Nh4 Bg4 13. Be2 Bxe2 14. Qxe2
h5 15. Nf3 h4 16. h3 g5 17. Nxg5 O-O 18. Bc3 Nbd7 19. Nf3 Rae8 20. Ne5 Kh8 21.
Nxd7 Qxd7 22. d5 Qxd5 23. Bxf6+ Kg8 24. Qg4+ Kh7 25. Qg7# 1-0

[Event "Top Jeunes"]
[Site "Mulhouse"]
[Date "2010.12.19"]
[Round "6.10"]
[White "Ea, Thibault"]
[Black "Habiballah, Linda"]
[Result "1-0"]
[WhiteElo "1528"]
[BlackElo "1120"]
[PlyCount "71"]
[EventDate "19.??.??"]
[WhiteTeam "Potemkine"]
[BlackTeam "Niort"]

1. e4 c6 2. Nf3 d5 3. e5 Bf5 4. Nc3 e6 5. d4 Ne7 6. Bg5 h6 7. Bh4 Nd7 8. Bd3
Bxd3 9. Qxd3 Qb6 10. b3 Ng6 11. Bg3 Be7 12. O-O O-O 13. Na4 Qb4 14. a3 Qa5 15.
c4 b5 16. cxb5 cxb5 17. Nc3 Bxa3 18. Nxb5 Rab8 19. Nxa3 Rbc8 20. Nc2 Qb6 21.
Rfb1 Rc6 22. Ra6 Qb7 23. Rxc6 Qxc6 24. Rc1 Nb6 25. Qe3 Qb5 26. Nce1 a5 27. Qd3
Qb4 28. Qc3 Qa3 29. Ra1 Qe7 30. Rxa5 Rc8 31. Rc5 Ra8 32. Rc7 Nd7 33. Qc6 Rb8
34. Qxd7 Qa3 35. Qxf7+ Kh7 36. Qxg7# 1-0

[Event "Top Jeunes"]
[Site "Mulhouse"]
[Date "2010.12.20"]
[Round "7.1"]
[White "Wurtz, Guillaume"]
[Black "Kirk, Ezra"]
[Result "0-1"]
[WhiteElo "1930"]
[BlackElo "2127"]
[PlyCount "82"]
[EventDate "20.??.??"]
[WhiteTeam "Bischwiller"]
[BlackTeam "Clichy"]

1. d4 Nf6 2. c4 g6 3. Nc3 Bg7 4. e4 d6 5. Nf3 O-O 6. Be2 Na6 7. O-O e5 8. d5
Nc5 9. Qc2 a5 10. Ne1 Nfd7 11. Be3 f5 12. f3 f4 13. Bf2 g5 14. b3 b6 15. a3 a4
16. b4 Nb3 17. Rd1 Nd4 18. Qd3 Nxe2+ 19. Qxe2 Rf6 20. Nd3 Bf8 21. Rc1 Rg6 22.
Kh1 Nf6 23. c5 g4 24. cxb6 cxb6 25. Bg1 g3 26. h3 Bxh3 27. gxh3 g2+ 28. Kh2
gxf1=N+ 29. Qxf1 Nh5 30. Qf2 Rg3 31. Ne2 Rg7 32. Qxb6 Qg5 33. Qf2 Ng3 34. Nc3
Be7 35. Ne1 Rc8 36. Ng2 Bd8 37. Na2 Rxc1 38. Nxc1 Bb6 39. Qc2 Rc7 40. Qb2 Bxg1+
41. Kxg1 Rxc1+ 0-1

[Event "Top Jeunes"]
[Site "Mulhouse"]
[Date "2010.12.20"]
[Round "7.2"]
[White "Eid, Maha"]
[Black "Barbaras, Mathieu"]
[Result "1/2-1/2"]
[WhiteElo "2067"]
[BlackElo "2022"]
[PlyCount "39"]
[EventDate "20.??.??"]
[WhiteTeam "Clichy"]
[BlackTeam "Bischwiller"]

1. d4 Nf6 2. c4 g6 3. Nc3 Bg7 4. e4 d6 5. f3 O-O 6. Bg5 Nbd7 7. Nh3 c5 8. d5
Qa5 9. Qd2 Re8 10. Be2 a6 11. O-O Rb8 12. a4 Ne5 13. Nf2 Qb4 14. b3 h6 15. Na2
Qxd2 16. Bxd2 b6 17. Nc3 a5 18. Rad1 Kh7 19. Kh1 Rg8 20. f4 1/2-1/2

[Event "Top Jeunes"]
[Site "Mulhouse"]
[Date "2010.12.20"]
[Round "7.3"]
[White "Bellahcene, Bilel"]
[Black "Kambrath, Yannick"]
[Result "1-0"]
[WhiteElo "2140"]
[BlackElo "2044"]
[PlyCount "82"]
[EventDate "20.??.??"]
[WhiteTeam "Bischwiller"]
[BlackTeam "Clichy"]

1. e4 e5 2. Nf3 Nc6 3. Bb5 a6 4. Ba4 Nf6 5. O-O b5 6. Bb3 Bb7 7. c3 Nxe4 8. Re1
d5 9. d3 Nc5 10. d4 Nxb3 11. Nxe5 Nxe5 12. Rxe5+ Be7 13. axb3 O-O 14. Nd2 Bd6
15. Re1 Bc8 16. Nf1 Qf6 17. Qh5 Qg6 18. Qxg6 hxg6 19. Bg5 Be6 20. b4 c6 21. Bh4
Rfe8 22. Bg3 Bxg3 23. hxg3 Bf5 24. Rxe8+ Rxe8 25. Ne3 Bc8 26. Kf1 Kf8 27. Ke2
Ke7 28. Kd2 Rh8 29. f3 Kd6 30. Re1 Be6 31. Nd1 Kc7 32. Nf2 Kb6 33. g4 a5 34.
Rh1 Rxh1 35. bxa5+ Kxa5 36. b4+ Kb6 37. Nxh1 Kc7 38. Nf2 Kd6 39. Kd3 Bd7 40.
Ke3 Be8 41. Nd3 g5 {suite illisible , gain blanc au 85e coup} 1-0

[Event "Top Jeunes"]
[Site "Mulhouse"]
[Date "2010.12.20"]
[Round "7.4"]
[White "Eid, Amine"]
[Black "Hoerdt, Audran"]
[Result "1/2-1/2"]
[WhiteElo "1917"]
[BlackElo "1587"]
[PlyCount "97"]
[EventDate "20.??.??"]
[WhiteTeam "Clichy"]
[BlackTeam "Bischwiller"]

1. e4 e6 2. d4 d5 3. Nc3 Nf6 4. e5 Nfd7 5. Nce2 c5 6. c3 Nc6 7. f4 Qb6 8. Nf3
cxd4 9. cxd4 Bb4+ 10. Bd2 O-O 11. h4 Bxd2+ 12. Qxd2 Qa5 13. Nc3 Nb6 14. Rh3 Nc4
15. Qc1 Qb4 16. b3 Nb6 17. a3 Qe7 18. Bd3 f5 19. Qe3 Na5 20. b4 Nac4 21. Qg1 h5
22. Rg3 Bd7 23. Rg5 Be8 24. Qf2 Rc8 25. Ne2 Nb2 26. Bb1 Qc7 27. Nd2 g6 28. Nb3
N6a4 29. Nc5 Nxc5 30. dxc5 Kf7 31. Nd4 Nc4 32. g4 hxg4 33. h5 gxh5 34. Rg7+
Kxg7 35. Nxe6+ Kh6 36. Nxc7 Rxc7 37. Bd3 Bc6 38. Bxc4 dxc4 39. O-O-O Rd7 40.
Rd6+ Rxd6 41. cxd6 Rg8 42. e6 g3 43. Qg1 h4 44. d7 h3 45. Qxg3 Rxg3 46. d8=Q
Rg1+ 47. Kd2 h2 48. Qf6+ Kh7 49. Qxf5+ 1/2-1/2

[Event "Top Jeunes"]
[Site "Mulhouse"]
[Date "2010.12.20"]
[Round "7.5"]
[White "Pluvinage, Jerome"]
[Black "Vigna, Leo"]
[Result "0-1"]
[WhiteElo "1486"]
[BlackElo "1685"]
[PlyCount "58"]
[EventDate "20.??.??"]
[WhiteTeam "Bischwiller"]
[BlackTeam "Clichy"]

1. d4 Nf6 2. c4 e6 3. Nc3 Bb4 4. a3 Bxc3+ 5. bxc3 b6 6. Bg5 Bb7 7. e3 d6 8. Nf3
O-O 9. Bd3 c5 10. O-O Nc6 11. Re1 Ne7 12. e4 d5 13. cxd5 exd5 14. e5 Ne4 15.
Bxe4 dxe4 16. Nd2 f6 17. exf6 gxf6 18. Bh6 Rf7 19. Qg4+ Ng6 20. Nxe4 f5 21.
Nf6+ Qxf6 22. Qe2 Re7 23. Qc4+ Qf7 24. Qb5 Rae8 25. Rxe7 Rxe7 26. dxc5 bxc5 27.
Rd1 Qe8 28. Qb1 Re4 29. Qb3+ Kh8 0-1

[Event "Top Jeunes"]
[Site "Mulhouse"]
[Date "2010.12.20"]
[Round "7.6"]
[White "Kieffer, Anatole"]
[Black "Schlegel, Nicolas"]
[Result "1/2-1/2"]
[WhiteElo "1671"]
[BlackElo "1600"]
[PlyCount "127"]
[EventDate "20.??.??"]
[WhiteTeam "Clichy"]
[BlackTeam "Bischwiller"]

1. e4 e5 2. Nf3 Nc6 3. Bc4 Bc5 4. c3 Nf6 5. d3 d6 6. h3 a6 7. b4 Ba7 8. a4 h6
9. Nbd2 O-O 10. O-O Be6 11. Re1 Ne7 12. Bxe6 fxe6 13. Nf1 Ng6 14. Ng3 Qd7 15.
Qb3 Kh8 16. Be3 Nf4 17. Bxa7 Rxa7 18. c4 Raa8 19. Ne2 N6h5 20. Rac1 Rae8 21. b5
axb5 22. axb5 Qf7 23. Nxf4 Nxf4 24. Re3 Qg6 25. g3 Nxh3+ 26. Kg2 Nf4+ 27. Kf1
Nh5 28. Ke2 Rf7 29. Rf1 Ref8 30. Nh4 Qg4+ 31. Ke1 Nxg3 32. Rxg3 Qxh4 33. Rg2
Rf3 34. Ke2 Qh3 35. Rfg1 R3f7 36. Qc2 Qh5+ 37. Ke1 Qh4 38. Qd2 c6 39. b6 d5 40.
exd5 exd5 41. cxd5 cxd5 42. Qe3 Qb4+ 43. Ke2 Qb2+ 44. Ke1 Qb1+ 45. Ke2 Qc2+ 46.
Ke1 e4 47. d4 Qb1+ 48. Ke2 Qxb6 49. Qd2 Qa6+ 50. Kd1 Qd3 51. Qxd3 exd3 52. Ke1
g5 53. Rh1 Kh7 54. Rxg5 Rxf2 55. Rxd5 d2+ 56. Kd1 Rc8 57. Rc5 Ra8 58. Kc2 Re2
59. Rc7+ Kg6 60. Rxb7 Re1 61. Rb6+ Kg7 62. Rb1 Rc8+ 63. Kxd2 Rxb1 64. Rxb1
1/2-1/2

[Event "Top Jeunes"]
[Site "Mulhouse"]
[Date "2010.12.20"]
[Round "7.7"]
[White "Bellahcene, Meriem"]
[Black "Vigna, Liza"]
[Result "0-1"]
[WhiteElo "1300"]
[BlackElo "1680"]
[PlyCount "58"]
[EventDate "20.??.??"]
[WhiteTeam "Bischwiller"]
[BlackTeam "Clichy"]

1. e4 e5 2. Nf3 Nc6 3. d4 exd4 4. Nxd4 Nf6 5. Nxc6 bxc6 6. e5 Nd5 7. Bc4 Nb6 8.
Bb3 Bc5 9. O-O O-O 10. Nc3 Ba6 11. Re1 Re8 12. Bf4 Nc4 13. Qe2 d5 14. exd6 Rxe2
15. Rxe2 cxd6 16. Ree1 Qf6 17. Be3 Bxe3 18. fxe3 Nxb2 19. Ne4 Qe5 20. Nd2 Rb8
21. Rab1 g6 22. Bc4 Qc3 23. Bxa6 Qxd2 24. Rf1 Qxe3+ 25. Kh1 Qe4 26. Bd3 Qe8 27.
c3 Nxd3 28. Rbd1 Qe6 29. Rf3 Ne5 0-1

[Event "Top Jeunes"]
[Site "Mulhouse"]
[Date "2010.12.20"]
[Round "7.8"]
[White "Kantzer, Romain"]
[Black "Banat, Rayan"]
[Result "0-1"]
[WhiteElo "1420"]
[BlackElo "1560"]
[PlyCount "64"]
[EventDate "20.??.??"]
[WhiteTeam "Bischwiller"]
[BlackTeam "Clichy"]

1. e4 d5 2. exd5 Qxd5 3. Nc3 Qd8 4. Bc4 Nf6 5. d3 c6 6. Bd2 Qc7 7. Qe2 Bf5 8.
O-O-O e6 9. Nf3 Bg4 10. h3 Bxf3 11. Qxf3 Nbd7 12. a3 O-O-O 13. Rhe1 Nb6 14. Ba2
Bc5 15. Bf4 Qe7 16. Bg5 Bd4 17. Re4 Bxc3 18. d4 Bxd4 19. Rexd4 Rxd4 20. Rxd4 h6
21. Bh4 g5 22. Bg3 Rd8 23. Rxd8+ Qxd8 24. h4 Nbd7 25. hxg5 hxg5 26. Qe3 Qa5 27.
b4 Qa6 28. Kb2 g4 29. Qf4 Qb6 30. Bh4 Qd8 31. Bc4 Qh8 32. Bg3 Nd5+ 0-1

[Event "Top Jeunes"]
[Site "Mulhouse"]
[Date "2010.12.20"]
[Round "7.9"]
[White "Banat, Rayan"]
[Black "Bellahcene, Meriem"]
[Result "1/2-1/2"]
[WhiteElo "1560"]
[BlackElo "1300"]
[PlyCount "72"]
[EventDate "20.??.??"]
[WhiteTeam "Clichy"]
[BlackTeam "Bischwiller"]

1. d4 d5 2. Bf4 Nf6 3. e3 c5 4. c3 Nc6 5. Nd2 Bf5 6. Ngf3 Qb6 7. Qb3 c4 8. Qxb6
axb6 9. h3 b5 10. Nh4 Bd7 11. b3 e6 12. b4 Be7 13. Nhf3 O-O 14. Be2 Rfd8 15. a3
Ne4 16. Nxe4 dxe4 17. Ne5 Nxe5 18. Bxe5 f6 19. Bh2 Be8 20. O-O Bd6 21. Bxd6
Rxd6 22. f3 Bg6 23. f4 f5 24. g4 h6 25. gxf5 Bxf5 26. Bg4 g6 27. Bxf5 gxf5 28.
Rf2 Kf7 29. Rg2 h5 30. h4 Rd5 31. Rd2 b6 32. Rf2 Rg8+ 33. Rg2 Rxg2+ 34. Kxg2
Rd8 35. Kh3 Kf6 36. Re1 Ke7 1/2-1/2

[Event "Top Jeunes"]
[Site "Mulhouse"]
[Date "2010.12.20"]
[Round "7.10"]
[White "Vigna, Liza"]
[Black "Kantzer, Romain"]
[Result "1-0"]
[WhiteElo "1680"]
[BlackElo "1420"]
[PlyCount "39"]
[EventDate "20.??.??"]
[WhiteTeam "Clichy"]
[BlackTeam "Bischwiller"]

1. e4 e5 2. Nf3 Nc6 3. Nc3 Nf6 4. d4 exd4 5. Nxd4 Bc5 6. Nxc6 bxc6 7. Bd3 d6 8.
Bg5 h6 9. Bh4 g5 10. Bg3 h5 11. h3 Be6 12. e5 dxe5 13. Bxe5 Rb8 14. b3 Rh6 15.
O-O Nd5 16. Nxd5 Bxd5 17. Qe2 Re6 18. Qxh5 Rxe5 19. Qh8+ Bf8 20. Qxe5+ {suite
illisible} 1-0

[Event "Top Jeunes"]
[Site "Mulhouse"]
[Date "2010.12.20"]
[Round "7.1"]
[White "Sok, Michael"]
[Black "Barbot, Pierre"]
[Result "0-1"]
[WhiteElo "1717"]
[BlackElo "2177"]
[PlyCount "66"]
[EventDate "20.??.??"]
[WhiteTeam "Potemkine"]
[BlackTeam "Sautron"]

1. d4 Nf6 2. c4 g6 3. Nc3 d5 4. Nf3 Bg7 5. Qb3 dxc4 6. Qxc4 O-O 7. e4 a6 8. Be2
b5 9. Qd3 Bb7 10. a3 c5 11. dxc5 Qxd3 12. Bxd3 Nbd7 13. Be3 Ng4 14. Ke2 Nxe3
15. Kxe3 Nxc5 16. Bc2 Rfd8 17. Rad1 Nd7 18. Rd3 Nb6 19. Rxd8+ Rxd8 20. Bb3 Rc8
21. Rd1 Bxc3 22. bxc3 Rxc3+ 23. Rd3 Nc4+ 24. Bxc4 Rxc4 25. Nd2 Rc7 26. f3 e5
27. Nb3 Kf8 28. Kd2 Ke7 29. Na5 Bc8 30. Nb3 Rd7 31. Nc5 Rxd3+ 32. Nxd3 Kd6 33.
Kc3 a5 0-1

[Event "Top Jeunes"]
[Site "Mulhouse"]
[Date "2010.12.20"]
[Round "7.2"]
[White "Bapst, Valentin"]
[Black "Figiel, Alexis"]
[Result "1-0"]
[WhiteElo "1905"]
[BlackElo "1737"]
[PlyCount "101"]
[EventDate "20.??.??"]
[WhiteTeam "Sautron"]
[BlackTeam "Potemkine"]

1. e4 e5 2. Nf3 Nc6 3. Bb5 Nf6 4. O-O d6 5. d4 exd4 6. Nxd4 Bd7 7. Nc3 Be7 8.
Bxc6 bxc6 9. b3 O-O 10. Bb2 Re8 11. Qd3 Bf8 12. Rfe1 d5 13. e5 Ng4 14. Qg3 Nh6
15. Qf4 c5 16. Nf3 c6 17. Rad1 Rb8 18. Qd2 Qc7 19. h3 Re6 20. Na4 a5 21. Ba3
Qa7 22. c4 d4 23. Re2 Nf5 24. Qf4 Rg6 25. Kh1 h5 26. Ne1 Re8 27. Nd3 Be7 28.
Bxc5 Qc7 29. Bxe7 Rxe7 30. Nac5 Bc8 31. Ne4 Qb6 32. Ng3 Nxg3+ 33. fxg3 c5 34.
Rde1 Bb7 35. Kh2 Qc6 36. Qh4 Rge6 37. Nf4 g6 38. Nxe6 Rxe6 39. Rg1 Qd7 40. Qf4
Kg7 41. Qd2 Qc7 42. Rge1 Qc6 43. Rf2 Qc7 44. Qf4 Bc6 45. Ref1 Be8 46. Re1 Bc6
47. Qg5 Qb7 48. Rfe2 a4 49. Qf4 a3 50. Rf1 Be8 51. Qc1 1-0

[Event "Top Jeunes"]
[Site "Mulhouse"]
[Date "2010.12.20"]
[Round "7.3"]
[White "Lutard, Florian"]
[Black "Le Pen, Steven"]
[Result "0-1"]
[WhiteElo "1712"]
[BlackElo "1793"]
[PlyCount "112"]
[EventDate "20.??.??"]
[WhiteTeam "Potemkine"]
[BlackTeam "Sautron"]

1. e4 c5 2. Nf3 d6 3. d4 cxd4 4. Nxd4 Nf6 5. Nc3 Nc6 6. Bg5 Bd7 7. Qd2 Rc8 8.
O-O-O Nxd4 9. Qxd4 Qa5 10. Bxf6 gxf6 11. Kb1 a6 12. f4 Bg7 13. Qd2 f5 14. e5
Be6 15. Nd5 Qxd2 16. Rxd2 dxe5 17. fxe5 Bxe5 18. g3 Bd7 19. Bg2 Bc6 20. Rhd1 e6
21. Nb6 Rb8 22. Bxc6+ bxc6 23. Nc4 Bf6 24. Rd6 O-O 25. Rxc6 a5 26. Rb6 Rxb6 27.
Nxb6 Rb8 28. Nc4 Rb5 29. b3 h5 30. Nd6 Re5 31. Ne8 Bh8 32. Kc1 Re2 33. Rd2 Re1+
34. Rd1 Bb2+ 35. Kd2 Bc3+ 36. Kc1 Rxd1+ 37. Kxd1 Be5 38. Ke2 Kf8 39. Kf3 Kxe8
40. c4 Kd7 41. Kg2 Kc6 42. Kh3 Bf6 43. Kg2 Kc5 44. a3 e5 45. Kf3 Bg5 46. h3 e4+
47. Ke2 f4 48. g4 hxg4 49. hxg4 f3+ 50. Kf2 Bh4+ 51. Ke3 f2 52. Ke2 e3 53. b4+
axb4 54. axb4+ Kxb4 55. g5 Bxg5 56. c5 Kxc5 0-1

[Event "Top Jeunes"]
[Site "Mulhouse"]
[Date "2010.12.20"]
[Round "7.4"]
[White "Terrazzoni, Claire"]
[Black "Baldi, Valentine"]
[Result "1/2-1/2"]
[WhiteElo "1490"]
[BlackElo "1624"]
[PlyCount "55"]
[EventDate "20.??.??"]
[WhiteTeam "Sautron"]
[BlackTeam "Potemkine"]

1. e4 c6 2. d4 d5 3. Nc3 dxe4 4. Nxe4 Bf5 5. Ng3 Bg6 6. h4 h6 7. Nf3 Nd7 8. h5
Bh7 9. Bd3 Bxd3 10. Qxd3 e6 11. Bd2 Ngf6 12. O-O-O Qc7 13. Kb1 Bd6 14. Ne4 Nxe4
15. Qxe4 Nf6 16. Qe2 O-O-O 17. c4 Rhe8 18. Ne5 Bxe5 19. dxe5 Nd7 20. Bc3 c5 21.
Rhe1 Qc6 22. Qg4 Rg8 23. Re3 g6 24. g3 g5 25. Red3 Nb6 26. Rxd8+ Rxd8 27. Rxd8+
Kxd8 28. Ba5 1/2-1/2

[Event "Top Jeunes"]
[Site "Mulhouse"]
[Date "2010.12.20"]
[Round "7.5"]
[White "Lutard, Theo"]
[Black "Eugene, Floryan"]
[Result "0-1"]
[WhiteElo "1630"]
[BlackElo "1609"]
[PlyCount "43"]
[EventDate "20.??.??"]
[WhiteTeam "Potemkine"]
[BlackTeam "Sautron"]

1. e4 e5 2. Nf3 Nc6 3. d4 exd4 4. Nxd4 Bc5 5. Nxc6 Qf6 6. Qf3 Qxf3 7. gxf3 bxc6
8. Be3 Bb6 9. Nd2 Rb8 10. O-O-O Nf6 11. Nb3 O-O 12. Bc4 Re8 13. Rhe1 Bb7 14.
Re2 d5 15. exd5 Nxd5 16. Bd3 Red8 17. Bxb6 axb6 18. Red2 c5 19. Be2 Rd7 20. c3
Rbd8 21. Kc2 Nf4 22. Bb5 {suite illisible} 0-1

[Event "Top Jeunes"]
[Site "Mulhouse"]
[Date "2010.12.20"]
[Round "7.6"]
[White "Machiels, Etienne"]
[Black "Commercon, Joachim"]
[Result "1-0"]
[WhiteElo "1573"]
[BlackElo "1615"]
[PlyCount "47"]
[EventDate "20.??.??"]
[WhiteTeam "Sautron"]
[BlackTeam "Potemkine"]

1. e4 c5 2. Nf3 d6 3. d4 cxd4 4. Nxd4 Nf6 5. Nc3 Nc6 6. f3 g6 7. Be3 Bg7 8. Qd2
a6 9. O-O-O Bd7 10. g4 Qc7 11. Kb1 Ne5 12. h4 Nc4 13. Bxc4 Qxc4 14. Rdg1 O-O-O
15. g5 Ne8 16. Nde2 Kb8 17. Bd4 Be6 18. Bxg7 Nxg7 19. Qd4 Ne8 20. Qxh8 f6 21.
gxf6 exf6 22. Qxh7 b5 23. Nf4 Bf7 24. Ncd5 1-0

[Event "Top Jeunes"]
[Site "Mulhouse"]
[Date "2010.12.20"]
[Round "7.7"]
[White "Ea, Thibault"]
[Black "Trouve, Guillaume"]
[Result "0-1"]
[WhiteElo "1528"]
[BlackElo "1614"]
[PlyCount "126"]
[EventDate "20.??.??"]
[WhiteTeam "Potemkine"]
[BlackTeam "Sautron"]

1. e4 c5 2. Nf3 e6 3. d4 cxd4 4. Nxd4 a6 5. c4 Nf6 6. Nc3 Bb4 7. e5 Ne4 8. Bd2
Nxd2 9. Qxd2 Qa5 10. Nde2 Qxe5 11. a3 Bxc3 12. Qxc3 Qxc3+ 13. Nxc3 Nc6 14. Bd3
O-O 15. O-O Ne5 16. Be2 Rd8 17. f4 Nc6 18. Rad1 Ne7 19. Bf3 Nf5 20. Rd3 Rb8 21.
b4 b5 22. c5 Bb7 23. Bg4 Nh4 24. Rf2 g6 25. Rfd2 Nf5 26. Rxd7 Rxd7 27. Rxd7 Ne3
28. Bh3 Nc4 29. Nb1 a5 30. Rd3 Be4 31. Rb3 Bxb1 32. Rxb1 Nxa3 33. Rb3 Nc4 34.
g3 a4 35. Rb1 Kf8 36. Ra1 Ke7 37. Kf2 Rd8 38. Bf1 Rd2+ 39. Kg1 Rc2 40. Bd3 Rc3
41. Be2 Kd7 42. Kf2 Kc6 43. Ke1 Na3 44. Kd2 Rb3 45. Ra2 Nb1+ 46. Kc2 Nc3 47.
Bf3+ Nd5 48. Bg2 Rxb4 49. Kd3 Kxc5 50. Kd2 Rd4+ 51. Kc1 Nb4 52. Ra3 Nd5 53. Bf3
Kc4 54. Be2+ Kb4 55. Ra2 a3 56. Bf3 Nc3 57. Ra1 Rd3 58. Bg4 h5 59. Kc2 Rd4 60.
Bf3 Rc4 61. Kd2 Kb3 62. Bd1+ Kb2 63. Rxa3 Kxa3 0-1

[Event "Top Jeunes"]
[Site "Mulhouse"]
[Date "2010.12.20"]
[Round "7.8"]
[White "Alary, Antoine"]
[Black "Ragot Gaufreteau, Maelyss"]
[Result "0-1"]
[WhiteElo "1220"]
[BlackElo "1350"]
[PlyCount "67"]
[EventDate "20.??.??"]
[WhiteTeam "Potemkine"]
[BlackTeam "Sautron"]

1. e4 c5 2. Nf3 d6 3. Bb5+ Bd7 4. Bxd7+ Qxd7 5. O-O Nc6 6. c4 Nf6 7. Nc3 g6 8.
d3 Bg7 9. Be3 O-O 10. Nd5 Nxd5 11. exd5 Nd4 12. Nxd4 Bxd4 13. Bxd4 cxd4 14. Qe2
Rfe8 15. Qe4 Rab8 16. Qxd4 b5 17. b3 e6 18. f4 exd5 19. Qxd5 Rbd8 20. cxb5 Re2
21. a4 Rc8 22. Rae1 Rce8 23. Rxe2 Rxe2 24. Rf2 Re1+ 25. Rf1 Qe7 26. Qd4 Re2 27.
Rf2 Re3 28. a5 Re1+ 29. Rf1 Re6 30. b6 axb6 31. axb6 Qb7 32. Rc1 Re2 33. Rc8+
Qxc8 34. Qd5 0-1

[Event "Top Jeunes"]
[Site "Mulhouse"]
[Date "2010.12.20"]
[Round "7.9"]
[White "Ragot Gaufreteau, Maelyss"]
[Black "Ea, Thibault"]
[Result "0-1"]
[WhiteElo "1350"]
[BlackElo "1528"]
[PlyCount "74"]
[EventDate "20.??.??"]
[WhiteTeam "Sautron"]
[BlackTeam "Potemkine"]

1. e4 e6 2. d4 d5 3. Nc3 Ne7 4. e5 Ng6 5. Nf3 c5 6. Be3 Qb6 7. dxc5 Qxb2 8. Bd2
Qa3 9. Bd3 Qxc5 10. Nb5 Be7 11. Qe2 Bd7 12. Nbd4 Nc6 13. Nb3 Qb6 14. O-O Qc7
15. Rac1 Ngxe5 16. Bf4 Nxf3+ 17. Qxf3 Qd8 18. Rfe1 O-O 19. Qh3 h6 20. Qg3 Bg5
21. Qe3 Bxf4 22. Qxf4 e5 23. Qd2 e4 24. Bb5 Ne7 25. Bxd7 Qxd7 26. c4 Rfd8 27.
Nc5 Qc6 28. cxd5 Rxd5 29. Nxe4 Rxd2 30. Rxc6 Rxa2 31. Rc7 Ng6 32. Rxb7 Ra6 33.
h3 Re6 34. f3 f5 35. Rd1 fxe4 36. fxe4 Rxe4 37. Rdd7 Re7 0-1